<?xml version="1.0" encoding="UTF-8"?>
<marc:record xmlns:marc="http://www.loc.gov/MARC21/slim">
   <marc:leader>00000nam a2200000 a 4500</marc:leader>
   <marc:datafield ind1="1" ind2=" " tag="100">
      <marc:subfield code="a">Rossbacher, Claudia</marc:subfield>
      <marc:subfield code="4">aut</marc:subfield>
      <marc:subfield code="e">Verfasser/-in</marc:subfield>
   </marc:datafield>
   <marc:datafield ind1="0" ind2="0" tag="245">
      <marc:subfield code="a">Steirerpakt</marc:subfield>
   </marc:datafield>
   <marc:datafield ind1="0" ind2="0" tag="245">
      <marc:subfield code="b">Sandra Mohrs siebter Fall</marc:subfield>
   </marc:datafield>
   <marc:datafield ind1="0" ind2="0" tag="245">
      <marc:subfield code="c">Rossbacher, Claudia</marc:subfield>
   </marc:datafield>
   <marc:datafield ind1=" " ind2="1" tag="264">
      <marc:subfield code="c">2017</marc:subfield>
   </marc:datafield>
   <marc:datafield ind1="1" ind2=" " tag="490">
      <marc:subfield code="a">Sandra Mohr</marc:subfield>
      <marc:subfield code="v">7</marc:subfield>
   </marc:datafield>
   <marc:datafield ind1=" " ind2=" " tag="250">
      <marc:subfield code="a">1. Auflage</marc:subfield>
   </marc:datafield>
   <marc:datafield ind1="1" ind2=" " tag="520">
      <marc:subfield code="a">Ein brutaler Mord führt das Ermittlerduo Sandra Mohr und Sascha Bergmann in die steirische Eisenstraße.&#xD;
&#xD;
Die LKA Steiermark-Ermittler Sandra Mohr und Sascha Bergmann werden zu einem Tatort an der steirischen Eisenstraße gerufen: Auf dem historischen Einser-Sessellift, der seit fast 70 Jahren Personen vom Präbichl auf den Polster befördert, hat man eine nackte Leiche gefunden, die auf das Schlimmste massakriert wurde. Der Tote ist ein Arzt, der vor 15 Jahren nach Kanada ausgewandert ist und für das Begräbnis seiner Mutter wieder in die Heimat zurückkam. Wer hatte etwas gegen den Auslandsösterreicher, der kurz vor seiner Ermordung der Bürgerinitiative zur Rettung des Polster-Sessellifts eine große Summe Geld gespendet hat?&#xD;
Das Motiv für den Mord liegt tief in der Vergangenheit des Ortes Vordernberg und seiner Einwohner begraben. Auch Manfred Siebenbrunner, der Chef der Tatortgruppe, ist dort aufgewachsen. Der Tote ist sein bester Freund aus Jugendtagen. Dadurch erfahren die LeserInnen einige private Aspekte Siebenbrunners, der bereits in den vorangegangenen Bänden Sandra Mohr immer wieder scheinbar grundlos drangsaliert hat.</marc:subfield>
   </marc:datafield>
   <marc:datafield ind1=" " ind2=" " tag="020">
      <marc:subfield code="a">9783839220443</marc:subfield>
      <marc:subfield code="9">9783839220443</marc:subfield>
   </marc:datafield>
   <marc:datafield ind1=" " ind2=" " tag="041">
      <marc:subfield code="a">ger</marc:subfield>
   </marc:datafield>
   <marc:datafield ind1="0" ind2=" " tag="490">
      <marc:subfield code="v">7</marc:subfield>
   </marc:datafield>
   <marc:datafield ind1=" " ind2=" " tag="300">
      <marc:subfield code="a">311 Seiten</marc:subfield>
   </marc:datafield>
</marc:record>
